000 01429nam a2200433 i 4500
001 17273
003 KOSZ 005
005 20190730144419.0
008 010711s1977 pl a |000 0 pol
015 _aPB 1977/3238
035 _a(PL-WaBN)b14413413-48omnis_nlop
035 _ab14413413
035 _a(OCoLC)751473805
035 _a(PL)b0000001441341
040 _aWA N
_cWA N
_dKOSZ 005/HR
041 0 _apol
046 _k1977
080 _a002
080 _a004
100 1 _aZadrożny, Stanisław
_eAutor
245 1 0 _aOrganizacja zbiorów w małej informatyce /
_cStanisław Zadrożny.
260 _aWarszawa :
_bPańst. Wydaw. Ekonomiczne,
_c1977.
300 _a158, [2] s., [8] k. tabl. :
_bil., tab. ;
_c21 cm.
336 _2rdacontent
_aTekst
_btxt
337 _2rdamedia
_aBez urządzenia pośredniczącego
_bn
338 _2rdacarrier
_aWolumin
_bnc
380 _aKsiążki
388 _a1901-2000
490 1 _aInformatyka w Praktyce
504 _aBibliogr.
650 7 _aInformacja naukowa
_2DBN
658 _aBibliotekarstwo, archiwistyka, muzealnictwo
658 _aInformatyka i technologie informacyjne
710 2 _aPaństwowe Wydawnictwo Ekonomiczne
_4pbl
830 0 _aInformatyka w Praktyce
856 _uhttp://koha.tu.koszalin.pl/cgi-bin/koha/opac-detail.pl?biblionumber=17273
_yKatalog online BPK
942 _2UKD
_cKS
999 _c17273
_d17273